| 000 | 01781nam0a22003491 4500 | ||
|---|---|---|---|
| 001 | v19\rc\1402860 | ||
| 005 | 20260406095008.0 | ||
| 035 | _a(NLR Aleph) 004557707 | ||
| 090 |
_a2231990 _c2231990 |
||
| 100 | _a20060512d1874 |||y0rusy50 ca | ||
| 101 | 1 |
_arus _cfre |
|
| 102 | _aRU | ||
| 105 | _ay z ||||| | ||
| 200 | 1 |
_aПастырское послание, или Догматические и нравственные размышления на Второе послание ап. Павла к Тимофею и Титу _eПер. с фр. |
|
| 210 |
_aКиев _cтип. В. Давиденко _d1874 |
||
| 215 | _a[2], 157 с. | ||
| 300 | _aАвт. в кн. не указан; установлен по изд.: Cataloge général des livres imprimes de la Bibliotheque nationale, Т. 60. P. 566 | ||
| 311 | _aПрил. к "Воскрес. чтению" | ||
| 422 | 0 |
_12001#$aВоскресное чтение _tВоскресное чтение |
|
| 517 | 0 | _aДогматические и нравственные размышления на Второе послание ап. Павла к Тимофею и Титу | |
| 605 | _aВторое послание ап. Павла к Тимофею и Титу | ||
| 700 | 1 |
_aГинульяк _bЖ. М. А. _f1806-1875 _gЖак Мари Ахилл |
|
| 702 | 0 |
_4570 _7ca _8rus _aПавел _cапостол _fок.5-ок.67 _953674 _3RU\NLR\AUTH\7770746 |
|
| 702 | 0 |
_4570 _7ca _8rus _aТимофей _cапостол _f1 в. _9221718 _3RU\NLR\AUTH\770221774 |
|
| 702 | 0 |
_4570 _7ca _8rus _aТит _cапостол _f1 в. _9265645 _3RU\NLR\AUTH\770265701 |
|
| 801 | 0 |
_aRU _bNLR _gpsbo |
|
| 801 | 0 |
_aRU _bRuMoRGB _2psbo |
|
| 801 | 1 |
_aRU _bProSoft-M _2rusmarc |
|
| 852 |
_aNLR _j18.66.7.50 |
||
| 942 | _cBOOK | ||
| 980 | _aNB | ||